| 000 | 00346nam a22001337a 4500 | ||
|---|---|---|---|
| 020 | _a1854315161 | ||
| 082 |
_a340 _bKAY |
||
| 100 |
_aKaye, Tim _9128567 |
||
| 245 |
_aBlackstone's Book of Moots / _cTim Kaye & Lynne Townley |
||
| 260 |
_aOxford : _bOxford University Press, _c2006. |
||
| 300 | _a202 p. | ||
| 650 |
_aLaw _935302 |
||
| 942 |
_2ddc _cBK |
||
| 999 |
_c613499 _d613499 |
||